000 00378nam a2200145Ia 4500
008 211109s9999||||xx |||||||||||||| ||und||
082 _a891.433
_bIND-A
100 _aIndra, Vidya V
245 0 _aAprathi Kaun ?
260 _bRaghal And Sons
_aDelhi
_c1900
300 _a238p.
630 _xGeneral Stack
650 _aHindi Literature
_vHindi Fiction
_xGeneralia
942 _cBOOK
999 _c21460
_d21460